| 000 | 00000nam##2200000za#4500 |
| 001 | 9.573235 |
| 003 | CaOODSP |
| 005 | 20210624183615 |
| 007 | cr ||||||||||| |
| 008 | 150406|2005||||xxc|||||o f|0| 0 eng|d |
| 040 | |aCaOODSP|beng |
| 043 | |an-cn--- |
| 086 | 1 |aBT31-4/39-2005E-PDF |
| 110 | 1 |aCanada. |bTreasury Board. |
| 245 | 10|aDepartment of Justice, performance report for the period ending March 31, 2005 |h[electronic resource] |
| 246 | 1 |aDepartment of Justice, departmental performance report 2004-2005 |
| 260 | |aOttawa - Ontario : |bTreasury Board of Canada Secretariat |c[2005]. |
| 300 | |a86p.|bfig., graphs, organization chart, references, tables |
| 490 | 1 |aPerformance report for the period ending March 31, 2005 |
| 590 | |a12-06-Supp|b2012-03-07 |
| 775 | 08|tMinistère de la Justice - rap[p]ort sur le rendement pour la période terminant le 31 mars 2005 |w(CaOODSP)9.603444 |
| 776 | 0#|tDepartment of Justice Canada |w(CaOODSP)9.541828 |
| 776 | 0#|tMinistère de la Justice Canada |w(CaOODSP)9.541829 |
| 830 | #0|aPerformance report for the period ending March 31, 2005.|w(CaOODSP)9.506266 |
| 856 | 40|ahttp://publications.gc.ca|qPDF|s1.62 MB|uhttps://publications.gc.ca/collections/collection_2012/sct-tbs/BT31-4-39-2005-eng.pdf |